| 000 | 00655nam a2200217Ia 4500 | ||
|---|---|---|---|
| 003 | OSt | ||
| 005 | 20230410163139.0 | ||
| 008 | 210423s2013 xx 000 0 und d | ||
| 020 | _a978-1-4462-5469-1 | ||
| 040 | _cAL | ||
| 041 | _aeng | ||
| 082 |
_a301 _223 _bFARM |
||
| 100 |
_aFARDON (Richard) _985678 |
||
| 245 | _aMary Douglas a very personal method: anthropological writings drawn from life | ||
| 260 |
_aLondon _bSage Publications _c2013 |
||
| 300 |
_ax,318 _bPB |
||
| 365 |
_b3577.41 _cGBP |
||
| 650 |
_aSociology _985679 |
||
| 906 | _aanthropological ; Douglas ; drawn ; life ; Mary ; method: ; personal ; ver ; writings | ||
| 942 |
_2ddc _cBK |
||
| 999 |
_c169595 _d169595 |
||